[Event "Forchheim op 10th"]
[Site "Forchheim"]
[Date "2011.10.09"]
[Round "5"]
[White "Steppuhn, Thomas"]
[Black "Wohlfahrt, Michael"]
[Result "1/2-1/2"]
[WhiteElo "2045"]
[BlackElo "1778"]
[PlyCount "45"]
[EventDate "2011.10.07"]
[EventType "swiss"]
[EventRounds "5"]
[EventCountry "GER"]
[SourceTitle "CBM 144 Extra"]
[Source "ChessBase"]
[SourceDate "2011.10.28"]
[SourceVersion "1"]
[SourceVersionDate "2011.10.28"]
[SourceQuality "1"]

1. d4 d5 2. Nf3 Nf6 3. e3 c6 4. Bd3 Bg4 5. Nbd2 e6 6. c4 Nbd7 7. Qb3 Qc7 8. 0-0 Be7 9. Re1 0-0 10. cxd5 exd5 11. Qc2 Rfe8 12. Ng5 Nf8 13. b3 h6 14. Ngf3 Bd6 15. Bb2 Re7 16. Ne5 Rae8 17. f4 Bc8 18. h3 N6h7 19. Nf1 f6 20. Ng6 Rf7 21. Nh2 Ng5 22. Nf3 Ne4 23. Nxf8 1/2-1/2

[Event "Wiesbaden op 23rd"]
[Site "Wiesbaden"]
[Date "2011.08.27"]
[Round "4"]
[White "Maleski, Heinz"]
[Black "Wohlfahrt, Michael"]
[Result "1-0"]
[WhiteElo "1506"]
[BlackElo "1765"]
[PlyCount "111"]
[EventDate "2011.08.25"]
[EventType "swiss"]
[EventRounds "7"]
[EventCountry "GER"]
[SourceTitle "CBM 144 Extra"]
[Source "ChessBase"]
[SourceDate "2011.10.28"]
[SourceVersion "1"]
[SourceVersionDate "2011.10.28"]
[SourceQuality "1"]

1. d4 d5 2. Bf4 Nf6 3. e3 Bf5 4. Nf3 e6 5. Be2 Be7 6. 0-0 0-0 7. Nbd2 Nbd7 8. c4 dxc4 9. Bxc4 Ne4 10. Rc1 c6 11. Nxe4 Bxe4 12. Nd2 Bg6 13. Be2 Nb6 14. Qb3 Bd6 15. Bxd6 Qxd6 16. Rfd1 Rfd8 17. a4 Rab8 18. a5 Nd5 19. Nc4 Qe7 20. Bf3 Nc7 21. Ne5 f6 22. Nxg6 hxg6 23. e4 Kh7 24. d5 cxd5 25. exd5 Nxd5 26. Bxd5 Rxd5 27. Rxd5 exd5 28. Qxd5 Rd8 29. Qb3 Qe5 30. Qb4 Qd4 31. Qxd4 Rxd4 32. Kf1 Rb4 33. Rb1 g5 34. Ke2 Kg6 35. Kd3 Kf5 36. Kc3 Rb5 37. b4 Re5 38. Rd1 b6 39. a6 Re7 40. h3 Rc7+ 41. Kb3 Kg6 42. Rd8 b5 43. Rb8 Rc6 44. Rxb5 Rxa6 45. Ra5 Re6 46. Rxa7 Re2 47. Ra2 Re1 48. b5 Kf5 49. b6 Re6 50. Ra5+ Ke4 51. Rb5 Re8 52. b7 Rb8 53. Kc4 g4 54. hxg4 Kf4 55. Kc5 Kxg4 56. Kc6 1-0

[Event "Rhein Main op-A 14th"]
[Site "Bad Homburg"]
[Date "2011.06.26"]
[Round "7"]
[White "Wohlfahrt, Michael"]
[Black "Hipler, Andreas"]
[Result "0-1"]
[WhiteElo "1765"]
[BlackElo "1914"]
[PlyCount "172"]
[EventDate "2011.06.22"]
[EventType "swiss"]
[EventRounds "7"]
[EventCountry "GER"]
[SourceTitle "EXT 2012"]
[Source "ChessBase"]
[SourceDate "2011.11.24"]
[SourceVersion "1"]
[SourceVersionDate "2011.11.24"]
[SourceQuality "1"]

1. e4 d5 2. exd5 Qxd5 3. Nf3 Nf6 4. Be2 Bf5 5. 0-0 e6 6. d4 c6 7. c4 Qd8 8. Nc3 Bd6 9. Bg5 Nbd7 10. Nh4 Bg6 11. Nxg6 hxg6 12. h3 Qc7 13. c5 Bf4 14. Bxf4 Qxf4 15. Qd3 0-0-0 16. Qe3 Qh4 17. Rfd1 g5 18. Rd3 g4 19. Qg3 gxh3 20. Qxh4 Rxh4 21. gxh3 Nf8 22. Rad1 Ng6 23. Bf1 Rdh8 24. Ne2 Nd5 25. Rf3 Ngf4 26. Ng3 Nf6 27. b4 Nxh3+ 28. Kg2 Ng5 29. Rb3 Rh2+ 30. Kg1 Nfe4 31. Bg2 R2h4 32. a4 Nh3+ 33. Kf1 Nhxf2 34. Nxe4 Nxe4 35. Kg1 Rd8 36. b5 Nxc5 37. Rb4 cxb5 38. Rxb5 b6 39. Rf1 Rhxd4 40. Rxf7 R4d7 41. Rf2 Nxa4 42. Rc2+ Nc5 43. Bh3 Rd1+ 44. Bf1 Kc7 45. Rg2 R8d7 46. Rb4 a5 47. Rbg4 a4 48. Rxg7 Rxg7 49. Rxg7+ Kd6 50. Kf2 a3 51. Ra7 Ra1 52. Bc4 e5 53. Ke2 Rc1 54. Bf7 Rc3 55. Kd2 Ne4+ 56. Kd1 Rc7 57. Rxc7 Kxc7 58. Kc2 Nc5 59. Kc3 Kd6 60. Kb4 Ne6 61. Kxa3 Nd4 62. Kb4 e4 63. Kc3 Ke5 64. Kc4 Nf5 65. Bh5 Nd6+ 66. Kc3 Kd5 67. Bd1 Kc5 68. Be2 b5 69. Bd1 Nc4 70. Bc2 b4+ 71. Kb3 Nd2+ 72. Kb2 Kc4 73. Bd1 Kd4 74. Kc2 e3 75. Be2 Ne4 76. Kb3 Nc3 77. Bh5 Kc5 78. Kc2 e2 79. Kd2 Kd4 80. Bf7 Ke4 81. Bg6+ Kf3 82. Ke1 b3 83. Bh5+ Ke3 84. Bf7 b2 85. Ba2 Nd5 86. Bb1 Nf4 0-1

[Event "Rhein Main op-A 14th"]
[Site "Bad Homburg"]
[Date "2011.06.25"]
[Round "5"]
[White "Wohlfahrt, Michael"]
[Black "Dirmeier, Carolin"]
[Result "0-1"]
[WhiteElo "1765"]
[BlackElo "2058"]
[PlyCount "56"]
[EventDate "2011.06.22"]
[EventType "swiss"]
[EventRounds "7"]
[EventCountry "GER"]
[SourceTitle "EXT 2012"]
[Source "ChessBase"]
[SourceDate "2011.11.24"]
[SourceVersion "1"]
[SourceVersionDate "2011.11.24"]
[SourceQuality "1"]

1. e4 c5 2. Nf3 Nc6 3. Bb5 g6 4. c3 Bg7 5. 0-0 Nf6 6. e5 Nd5 7. Re1 0-0 8. d4 cxd4 9. cxd4 Nc7 10. Ba4 b5 11. Bc2 d5 12. h3 f6 13. Bf4 Ne6 14. Bg3 fxe5 15. Bxe5 Bxe5 16. dxe5 Nf4 17. Nbd2 Qb6 18. Nb3 Bxh3 19. g3 Ne6 20. Bxg6 hxg6 21. Qxd5 Rad8 22. Qe4 Kg7 23. Rac1 Ncd4 24. Nh4 Ng5 25. Qe3 Ndf3+ 26. Kh1 Nxh4 27. gxh4 Qb7+ 28. f3 Rxf3 0-1